[Event "FIDE World Bl Team Pool E"]
[Site "Almaty"]
[Date "2024.08.05"]
[Round "7.10"]
[White "Agmanov, Zhandos"]
[Black "Tolegenov, Rollan"]
[Result "1-0"]
[WhiteElo "2458"]
[BlackElo "1828"]
[PlyCount "105"]
[EventDate "2024.08.05"]
[EventType "team (blitz)"]
[EventRounds "7"]
[EventCountry "KAZ"]
[SourceTitle "CBM 221 Extra"]
[Source "ChessBase"]
[SourceDate "2024.09.30"]
[SourceVersion "1"]
[SourceVersionDate "2024.09.30"]
[SourceQuality "1"]
[WhiteTeam "Astana"]
[BlackTeam "Abai"]
[WhiteTeamCountry "KAZ"]
[BlackTeamCountry "KAZ"]

1. e4 c6 2. Nf3 d5 3. d3 dxe4 4. dxe4 Qxd1+ 5. Kxd1 Bg4 6. Be2 e6 7. Ne1 Bxe2+ 8. Kxe2 Bc5 9. Nd3 Bb6 10. a4 Nd7 11. a5 Bc7 12. Be3 a6 13. Nd2 Ngf6 14. f3 Ke7 15. Nc4 Rhd8 16. Rad1 Ne8 17. b3 Nd6 18. Ndb2 Nb5 19. Na4 Nd6 20. Nab2 Nb5 21. Kf2 Ne5 22. Bc5+ Ke8 23. Nxe5 Bxe5 24. Nc4 Bc7 25. Rd3 Rxd3 26. cxd3 Rd8 27. Ke3 Nd6 28. Nxd6+ Bxd6 29. Bb6 Rd7 30. d4 Bc7 31. Bxc7 Rxc7 32. Rc1 Kd7 33. Kd3 Kd6 34. Rc5 f6 35. f4 Re7 36. e5+ Kc7 37. g4 Rd7 38. b4 Rd5 39. Rc1 Kd7 40. Kc4 Ke7 41. Re1 Kf7 42. h4 h6 43. Re2 Ke7 44. Re1 Kf7 45. Rc1 fxe5 46. fxe5 Ke7 47. Rg1 Rd8 48. g5 hxg5 49. Rxg5 Kf7 50. Rg4 Rh8 51. Kc5 Rb8 52. Kb6 Kf8 53. Kc7 1-0